000 00637nam a2200241Ia 4500
003 OSt
005 20220918175912.0
006 a|||||r|||| 00| 0
007 ta
008 220917b |||||||| |||| 00| 0 eng d
024 _a19,534
037 _cTextual
040 _aARTS
_cARTS
_beng
041 _2eng
_aeng
082 _aO:2M52:5, G7
100 _aMoore George
_955138
245 0 _aPassing of the essenes
_b A drama in three acts Works of George Moore Ebury
250 _a17th
260 _c1937
650 _aENGLISH LITERATURE
942 _hO:2M52:5, G7
_cTEXL
_2CC
999 _c159445
_d159445